وصف معروضات قاعة العصر الحديدى

محفوظ في:

مؤلف مشترك: Palestinian Archeology Museum.

التنسيق: كتاب

اللغة: Undetermined

منشور في: Al-Quds muthaf alathar alfilastinii 1940

الوسوم: إضافة وسم

لا توجد وسوم, كن أول من يضع وسما على هذه التسجيلة!

رقم الطلب: A75 MUTT

LEADER 00359nam a2200121Ia 4500
008 240404s9999||||xx |||||||||||||| ||und||
050 4 |a A75 MUTT 
110 0 |a Palestinian Archeology Museum. 
245 1 0 |a وصف معروضات قاعة العصر الحديدى 
264 1 |a Al-Quds  |b muthaf alathar alfilastinii  |c 1940 
300 |a 88  |c 27 
942 |2 lcc  |c BK 
999 |c 58177  |d 58177